<?xml version="1.0" encoding="UTF-8"?>
<record
    xmlns:xsi="http://www.w3.org/2001/XMLSchema-instance"
    xsi:schemaLocation="http://www.loc.gov/MARC21/slim http://www.loc.gov/standards/marcxml/schema/MARC21slim.xsd"
    xmlns="http://www.loc.gov/MARC21/slim">

  <leader>02365nam a2200565 i 4500</leader>
  <controlfield tag="001"> 0350739</controlfield>
  <controlfield tag="003">DO-SdBNP</controlfield>
  <controlfield tag="005">20180221145222.0</controlfield>
  <controlfield tag="007"> 0350739</controlfield>
  <controlfield tag="008">930920s   1992    sp     a              spa  </controlfield>
  <datafield tag="016" ind1="7" ind2=" ">
    <subfield code="a"> </subfield>
    <subfield code="2">BPMSU</subfield>
  </datafield>
  <datafield tag="017" ind1=" " ind2=" ">
    <subfield code="a"> </subfield>
    <subfield code="b"> </subfield>
  </datafield>
  <datafield tag="020" ind1=" " ind2=" ">
    <subfield code="a">843482082X</subfield>
  </datafield>
  <datafield tag="035" ind1=" " ind2=" ">
    <subfield code="a"> </subfield>
  </datafield>
  <datafield tag="040" ind1=" " ind2=" ">
    <subfield code="a">BPMSU</subfield>
    <subfield code="b">spa</subfield>
    <subfield code="c">BPMSU</subfield>
    <subfield code="e"> </subfield>
  </datafield>
  <datafield tag="041" ind1="1" ind2=" ">
    <subfield code="a">spa</subfield>
    <subfield code="h"> </subfield>
  </datafield>
  <datafield tag="080" ind1=" " ind2="0">
    <subfield code="a"> </subfield>
  </datafield>
  <datafield tag="100" ind1="1" ind2=" ">
    <subfield code="a">N&#xF6;stlinger, Christine</subfield>
    <subfield code="d">1936-</subfield>
  </datafield>
  <datafield tag="240" ind1="1" ind2="0">
    <subfield code="a">Liebe Oma, deine Susi /</subfield>
    <subfield code="l">espa&#xF1;ol</subfield>
  </datafield>
  <datafield tag="245" ind1="1" ind2="0">
    <subfield code="a">Querida abuela-- Tu Susi /</subfield>
    <subfield code="c">Christine N&#xF6;stlinger ; ilustraciones, Christine N&#xF6;stlinger, jr ; traducci&#xF3;n, Marinella Terzi</subfield>
    <subfield code="h"> </subfield>
  </datafield>
  <datafield tag="250" ind1=" " ind2=" ">
    <subfield code="a">9&#xAA; ed.</subfield>
  </datafield>
  <datafield tag="260" ind1="1" ind2=" ">
    <subfield code="a">Madrid : </subfield>
    <subfield code="b">SM, </subfield>
    <subfield code="c">1992.</subfield>
  </datafield>
  <datafield tag="300" ind1=" " ind2=" ">
    <subfield code="a">99 p. : </subfield>
    <subfield code="b"> il., </subfield>
    <subfield code="c">19 cm</subfield>
  </datafield>
  <datafield tag="490" ind1="0" ind2=" ">
    <subfield code="a">El barco de vapor.</subfield>
    <subfield code="a"> Serie azul</subfield>
    <subfield code="v">23</subfield>
    <subfield code="x"> </subfield>
  </datafield>
  <datafield tag="521" ind1=" " ind2=" ">
    <subfield code="a">A partir de 7 a&#xF1;os.</subfield>
  </datafield>
  <datafield tag="586" ind1=" " ind2=" ">
    <subfield code="a">Premio Andersen, 1984</subfield>
  </datafield>
  <datafield tag="700" ind1="1" ind2=" ">
    <subfield code="a">N&#xF6;stlinger, Christine</subfield>
    <subfield code="d">1961-</subfield>
    <subfield code="e">il. </subfield>
  </datafield>
  <datafield tag="700" ind1="1" ind2=" ">
    <subfield code="a">Terzi, Marinella</subfield>
    <subfield code="e">tr.</subfield>
  </datafield>
  <datafield tag="830" ind1=" " ind2=" ">
    <subfield code="a">El barco de vapor.</subfield>
    <subfield code="p">Serie azul</subfield>
    <subfield code="v">23</subfield>
  </datafield>
  <datafield tag="942" ind1=" " ind2=" ">
    <subfield code="2">ddc</subfield>
    <subfield code="c">BK</subfield>
  </datafield>
  <datafield tag="945" ind1=" " ind2=" ">
    <subfield code="a">Inventariado, 2018/ YL</subfield>
  </datafield>
  <datafield tag="952" ind1=" " ind2=" ">
    <subfield code="0">0</subfield>
    <subfield code="1">0</subfield>
    <subfield code="2">ddc</subfield>
    <subfield code="4">0</subfield>
    <subfield code="7">0</subfield>
    <subfield code="8">CI-G</subfield>
    <subfield code="a">BPMET</subfield>
    <subfield code="b">BPMET</subfield>
    <subfield code="d">2016-04-05</subfield>
    <subfield code="e">FUNDI</subfield>
    <subfield code="l">0</subfield>
    <subfield code="p">BPMSU16040105</subfield>
    <subfield code="r">2016-04-05</subfield>
    <subfield code="w">2016-04-05</subfield>
    <subfield code="y">BK</subfield>
  </datafield>
  <datafield tag="956" ind1=" " ind2=" ">
    <subfield code="a"> VMATEO</subfield>
    <subfield code="2">10</subfield>
    <subfield code="3">20160405</subfield>
    <subfield code="6">BPMSU</subfield>
    <subfield code="8">0069</subfield>
  </datafield>
  <datafield tag="980" ind1=" " ind2=" ">
    <subfield code="a">M-BN</subfield>
    <subfield code="b">BNMADRID</subfield>
    <subfield code="j">7/155147</subfield>
    <subfield code="c">SG_RECOLET</subfield>
  </datafield>
  <datafield tag="980" ind1=" " ind2=" ">
    <subfield code="a">M 49014-2002</subfield>
    <subfield code="a">84-348-2082-X</subfield>
    <subfield code="a">M-BN</subfield>
    <subfield code="b">BNALCALA</subfield>
    <subfield code="j">AHM/731321</subfield>
    <subfield code="c">SALA_ALC</subfield>
  </datafield>
  <datafield tag="980" ind1=" " ind2=" ">
    <subfield code="a">M 20136-2000</subfield>
    <subfield code="a">M-BN</subfield>
    <subfield code="b">BNALCALA</subfield>
    <subfield code="j">DL/1022692</subfield>
    <subfield code="c">CONSERVACI</subfield>
  </datafield>
  <datafield tag="980" ind1=" " ind2=" ">
    <subfield code="a">M-BN</subfield>
    <subfield code="b">BNALCALA</subfield>
    <subfield code="j">DL/585303</subfield>
    <subfield code="c">CONSERVACI</subfield>
  </datafield>
  <datafield tag="980" ind1=" " ind2=" ">
    <subfield code="a">M-BN</subfield>
    <subfield code="b">BNALCALA</subfield>
    <subfield code="j">DL/638264</subfield>
    <subfield code="c">CONSERVACI</subfield>
  </datafield>
  <datafield tag="980" ind1=" " ind2=" ">
    <subfield code="a">M 37385-1992</subfield>
    <subfield code="a">M-BN</subfield>
    <subfield code="b">BNALCALA</subfield>
    <subfield code="j">DL/686209</subfield>
    <subfield code="c">CONSERVACI</subfield>
  </datafield>
  <datafield tag="980" ind1=" " ind2=" ">
    <subfield code="a">M 40637-1995</subfield>
    <subfield code="a">M-BN</subfield>
    <subfield code="b">BNALCALA</subfield>
    <subfield code="j">DL/689003</subfield>
    <subfield code="c">CONSERVACI</subfield>
  </datafield>
  <datafield tag="980" ind1=" " ind2=" ">
    <subfield code="a">M 44643-1996</subfield>
    <subfield code="a">M-BN</subfield>
    <subfield code="b">BNALCALA</subfield>
    <subfield code="j">DL/747179</subfield>
    <subfield code="c">CONSERVACI</subfield>
  </datafield>
  <datafield tag="980" ind1=" " ind2=" ">
    <subfield code="a">M 44053-1997</subfield>
    <subfield code="a">84-348-2082-X</subfield>
    <subfield code="a">M-BN</subfield>
    <subfield code="b">BNALCALA</subfield>
    <subfield code="j">DL/800432</subfield>
    <subfield code="c">CONSERVACI</subfield>
  </datafield>
  <datafield tag="980" ind1=" " ind2=" ">
    <subfield code="a">M 32703-1997</subfield>
    <subfield code="a">84-348-2082-X</subfield>
    <subfield code="a">M-BN</subfield>
    <subfield code="b">BNALCALA</subfield>
    <subfield code="j">DL/801596</subfield>
    <subfield code="c">CONSERVACI</subfield>
  </datafield>
  <datafield tag="980" ind1=" " ind2=" ">
    <subfield code="a">M 16544-1999</subfield>
    <subfield code="a">84-348-2082-X</subfield>
    <subfield code="a">M-BN</subfield>
    <subfield code="b">BNALCALA</subfield>
    <subfield code="j">DL/925211</subfield>
    <subfield code="c">CONSERVACI</subfield>
  </datafield>
  <datafield tag="980" ind1=" " ind2=" ">
    <subfield code="a">M 206-2001</subfield>
    <subfield code="a">84-348-2082-X</subfield>
    <subfield code="a">M-BN</subfield>
    <subfield code="b">BNALCALA</subfield>
    <subfield code="j">DL/1070287</subfield>
    <subfield code="c">CONSERVACI</subfield>
  </datafield>
  <datafield tag="980" ind1=" " ind2=" ">
    <subfield code="a">M 26691-2001</subfield>
    <subfield code="a">84-348-2082-X</subfield>
    <subfield code="a">M-BN</subfield>
    <subfield code="b">BNALCALA</subfield>
    <subfield code="j">DL/1120709</subfield>
    <subfield code="c">CONSERVACI</subfield>
  </datafield>
  <datafield tag="980" ind1=" " ind2=" ">
    <subfield code="a">M 2154-2002</subfield>
    <subfield code="a">84-348-2082-X</subfield>
    <subfield code="a">M-BN</subfield>
    <subfield code="b">BNALCALA</subfield>
    <subfield code="j">DL/1123116</subfield>
    <subfield code="c">CONSERVACI</subfield>
  </datafield>
  <datafield tag="980" ind1=" " ind2=" ">
    <subfield code="a">M 35771-2002</subfield>
    <subfield code="a">84-348-2082-X</subfield>
    <subfield code="a">M-BN</subfield>
    <subfield code="b">BNALCALA</subfield>
    <subfield code="j">DL/1173219</subfield>
    <subfield code="c">CONSERVACI</subfield>
  </datafield>
  <datafield tag="980" ind1=" " ind2=" ">
    <subfield code="a">M 49014-2002</subfield>
    <subfield code="a">84-348-2082-X</subfield>
    <subfield code="a">M-BN</subfield>
    <subfield code="b">BNALCALA</subfield>
    <subfield code="j">DL/1202098</subfield>
    <subfield code="c">CONSERVACI</subfield>
  </datafield>
  <datafield tag="980" ind1=" " ind2=" ">
    <subfield code="a">M 29551-2003</subfield>
    <subfield code="a">84-348-2082-X</subfield>
    <subfield code="a">M-BN</subfield>
    <subfield code="b">BNALCALA</subfield>
    <subfield code="j">DL/1261767</subfield>
    <subfield code="c">CONSERVACI</subfield>
  </datafield>
  <datafield tag="999" ind1=" " ind2=" ">
    <subfield code="c">9557</subfield>
    <subfield code="d">9557</subfield>
  </datafield>
</record>
